Growing Cities in Ecuador - Statistics

General Stats
  • This quiz has been taken 10 times
  • The average score is 6 of 10
Answer Stats
Population Population Gained City % Correct
1,607,734 208,356 Quito
100%
2,278,691 293,312 Guayaquil
88%
329,928 52,554 Cuenca
75%
154,035 58,911 Esmeraldas
63%
270,875 71,048 Santo Domingo
63%
230,839 56,308 Duran
50%
170,280 51,748 Loja
50%
217,553 34,448 Manta
38%
206,682 34,835 Portoviejo
38%
65,145 33,382 Daule
25%
No matching quizzes found
Score Distribution
Percent of People with Each Score
Percentile by Number Answered
Your Score History
You have not taken this quiz